00475nam a2200181 a 4500001001300000003000900013005001700022008004100039020000900080082001800089100001700107245003600124260005700160300000900217500003500226650001500261700001700276nice12345678IN_TiNIC20260116015320.0071005s1983 mala grp 000 0 eng  ac4500a297.0955bALG aAlgar, Hamid aRoots of the Islamic Revolution aMalappuram, Kerala bIslamic Foundation Press c1983 a136p aincludes index and biblioraphy aIslam-Iran1 aAlgar, Hamid